<?xml version="1.0" encoding="UTF-8"?><record xmlns="http://www.loc.gov/MARC21/slim" xmlns:zs="http://docs.oasis-open.org/ns/search-ws/sruResponse">
  <leader>04143cam a22008653a 4500</leader>
  <controlfield tag="001">16362638</controlfield>
  <controlfield tag="005">20250607035904.5</controlfield>
  <controlfield tag="008">911016s1797    it            000 1 ita d</controlfield>
  <datafield ind1=" " ind2=" " tag="906">
    <subfield code="a">7</subfield>
    <subfield code="b">cbc</subfield>
    <subfield code="c">copycat</subfield>
    <subfield code="d">3</subfield>
    <subfield code="e">ncip</subfield>
    <subfield code="f">20</subfield>
    <subfield code="g">y-genmusic</subfield>
  </datafield>
  <datafield ind1=" " ind2=" " tag="955">
    <subfield code="e">vk67 2012-02-21 microfilm added</subfield>
  </datafield>
  <datafield ind1=" " ind2=" " tag="955">
    <subfield code="a">LCAP batch update 2025-06-01-04:00: LCAPM-644</subfield>
  </datafield>
  <datafield ind1=" " ind2=" " tag="010">
    <subfield code="a">  2010662831</subfield>
  </datafield>
  <datafield ind1=" " ind2=" " tag="035">
    <subfield code="a">16362638</subfield>
  </datafield>
  <datafield ind1=" " ind2=" " tag="035">
    <subfield code="a">(DLC)musschatz.18076</subfield>
  </datafield>
  <datafield ind1=" " ind2=" " tag="035">
    <subfield code="a">(CStRLIN)VAUP91-B3897</subfield>
  </datafield>
  <datafield ind1=" " ind2=" " tag="040">
    <subfield code="a">ViU</subfield>
    <subfield code="c">ViU</subfield>
    <subfield code="d">DLC</subfield>
  </datafield>
  <datafield ind1="0" ind2=" " tag="041">
    <subfield code="a">ita</subfield>
  </datafield>
  <datafield ind1="0" ind2="0" tag="050">
    <subfield code="a">ML48</subfield>
    <subfield code="b">[S9185]</subfield>
  </datafield>
  <datafield ind1=" " ind2=" " tag="051">
    <subfield code="a">Microfilm Music 1854, reel 188.</subfield>
    <subfield code="c">Microfilm. Washington, D.C. : Library of Congress, [197-]. 1 microfilm reel ; 35 mm.</subfield>
  </datafield>
  <datafield ind1="1" ind2=" " tag="100">
    <subfield code="a">Rutini, Ferdinando,</subfield>
    <subfield code="d">approximately 1764-1827.</subfield>
    <subfield code="4">cmp</subfield>
    <subfield code="4">itr</subfield>
  </datafield>
  <datafield ind1="1" ind2="0" tag="240">
    <subfield code="a">Prova del dramma serio.</subfield>
    <subfield code="s">Libretto.</subfield>
    <subfield code="l">Italian</subfield>
  </datafield>
  <datafield ind1="1" ind2="3" tag="245">
    <subfield code="a">La prova del dramma serio :</subfield>
    <subfield code="b">dramma giocoso per musica da rappresentarsi in Firenze nel R. Teatro di via del Cocomero nel carnevale dell'anno 1797 : sotto la protezione dell'A.R. il serenissimo Ferdinando III. principe reale d'Ungheria e di Boemia arciduca d'Austria gran-duca di Toscana ec. ec. ec.</subfield>
  </datafield>
  <datafield ind1=" " ind2=" " tag="260">
    <subfield code="a">Firenze :</subfield>
    <subfield code="b">Presso Anton-Giuseppe Pagani, e Comp.,</subfield>
    <subfield code="c">1797.</subfield>
  </datafield>
  <datafield ind1=" " ind2=" " tag="300">
    <subfield code="a">[2], 19, [3] p. ;</subfield>
    <subfield code="c">17 cm.</subfield>
  </datafield>
  <datafield ind1=" " ind2=" " tag="336">
    <subfield code="a">text</subfield>
    <subfield code="b">txt</subfield>
    <subfield code="2">rdacontent</subfield>
  </datafield>
  <datafield ind1=" " ind2=" " tag="337">
    <subfield code="a">unmediated</subfield>
    <subfield code="b">n</subfield>
    <subfield code="2">rdamedia</subfield>
  </datafield>
  <datafield ind1=" " ind2=" " tag="338">
    <subfield code="a">volume</subfield>
    <subfield code="b">nc</subfield>
    <subfield code="2">rdacarrier</subfield>
  </datafield>
  <datafield ind1=" " ind2=" " tag="500">
    <subfield code="a">U.S. RISM Libretto Project.</subfield>
  </datafield>
  <datafield ind1=" " ind2=" " tag="500">
    <subfield code="a">"Con approvazione"--title page.</subfield>
  </datafield>
  <datafield ind1=" " ind2=" " tag="500">
    <subfield code="a">"La musica è tutta nuova del celebre Sig. Maestro Ferdinando Rutini"--verso of title page.</subfield>
  </datafield>
  <datafield ind1=" " ind2=" " tag="500">
    <subfield code="a">"Maestro al cimbalo Sig. Ferdinando Rutini"--verso of title page.</subfield>
  </datafield>
  <datafield ind1=" " ind2=" " tag="500">
    <subfield code="a">"Primo violino, e direttore d'orchestra Sig. Giorgio Paolowscky all'attuale servizio di S.A.R. il gran-duca di Toscana"--verso of title page.</subfield>
  </datafield>
  <datafield ind1=" " ind2=" " tag="500">
    <subfield code="a">"Primo de'secondi Sig. Luigi Torelli"--verso of title page.</subfield>
  </datafield>
  <datafield ind1=" " ind2=" " tag="500">
    <subfield code="a">"Primo oboe Sig. Giorgio Mosell"--verso of title page.</subfield>
  </datafield>
  <datafield ind1=" " ind2=" " tag="500">
    <subfield code="a">"Clarinetto Sig. Giuseppe Magnelli"--verso of title page.</subfield>
  </datafield>
  <datafield ind1=" " ind2=" " tag="500">
    <subfield code="a">"Violoncello Sig. Andrea Tassinari"--verso of title page.</subfield>
  </datafield>
  <datafield ind1=" " ind2=" " tag="500">
    <subfield code="a">"Prima viola Sig. Agostino Fabbrini"--verso of title page.</subfield>
  </datafield>
  <datafield ind1=" " ind2=" " tag="500">
    <subfield code="a">"Primo contrabasso Sig. Settimio Puliti"--verso of title page.</subfield>
  </datafield>
  <datafield ind1=" " ind2=" " tag="500">
    <subfield code="a">"Pittore delle scene Sig. Francesco Scaletti"--verso of title page.</subfield>
  </datafield>
  <datafield ind1=" " ind2=" " tag="500">
    <subfield code="a">"Per le Figure Sig. Giuseppe Miller"--verso of title page.</subfield>
  </datafield>
  <datafield ind1=" " ind2=" " tag="500">
    <subfield code="a">"Dirretore del palco scenico Sig. Gaetano Donnini"--verso of title page.</subfield>
  </datafield>
  <datafield ind1=" " ind2=" " tag="500">
    <subfield code="a">"Macchinista Sig. Giovanni Manetti"--verso of title page.</subfield>
  </datafield>
  <datafield ind1=" " ind2=" " tag="500">
    <subfield code="a">"Il vestiario è di proprietà del Sig. Gio. Gherardi, diretto dal Sig. Gio. Batista Minghi"--verso of title page.</subfield>
  </datafield>
  <datafield ind1=" " ind2=" " tag="500">
    <subfield code="a">Attori: ERNESTO. Sig. Pietro Righi -- TRASTULLONE. Sig. Alfonso Senesi -- BONEO. Sig. Ubaldo Cavalieri -- SEMISERIA. Sig. Maria Antonia Specioli Aloisi -- ROSALBINA. Sig. Chiara Cicerelli -- ROVENTINA. Sig. Nunziata Grossi--verso of title page.</subfield>
  </datafield>
  <datafield ind1=" " ind2=" " tag="518">
    <subfield code="a">Performance: Firenze, Teatro del Cocomero, 1797.</subfield>
  </datafield>
  <datafield ind1=" " ind2="0" tag="650">
    <subfield code="a">Operas</subfield>
    <subfield code="v">Librettos.</subfield>
  </datafield>
  <datafield ind1=" " ind2=" " tag="653">
    <subfield code="a">Ernesto</subfield>
  </datafield>
  <datafield ind1=" " ind2=" " tag="653">
    <subfield code="a">Trastullone</subfield>
  </datafield>
  <datafield ind1=" " ind2=" " tag="653">
    <subfield code="a">Boneo</subfield>
  </datafield>
  <datafield ind1=" " ind2=" " tag="653">
    <subfield code="a">Semiseria</subfield>
  </datafield>
  <datafield ind1=" " ind2=" " tag="653">
    <subfield code="a">Rosalbina</subfield>
  </datafield>
  <datafield ind1=" " ind2=" " tag="653">
    <subfield code="a">Roventina</subfield>
  </datafield>
  <datafield ind1="1" ind2=" " tag="720">
    <subfield code="a">Minghi, Gio. Batista.</subfield>
    <subfield code="4">cst</subfield>
  </datafield>
  <datafield ind1="1" ind2=" " tag="720">
    <subfield code="a">Ferdinando III, Grand-Duke of Tuscany, 1769-1824.</subfield>
  </datafield>
  <datafield ind1="1" ind2=" " tag="720">
    <subfield code="a">Righi, Pietro.</subfield>
    <subfield code="4">sng</subfield>
  </datafield>
  <datafield ind1="1" ind2=" " tag="720">
    <subfield code="a">Senesi, Alfonso.</subfield>
    <subfield code="4">sng</subfield>
  </datafield>
  <datafield ind1="1" ind2=" " tag="720">
    <subfield code="a">Cavalieri, Ubaldo.</subfield>
    <subfield code="4">sng</subfield>
  </datafield>
  <datafield ind1="1" ind2=" " tag="720">
    <subfield code="a">Specioli Aloisi, Maria Antonia.</subfield>
    <subfield code="4">sng</subfield>
  </datafield>
  <datafield ind1="1" ind2=" " tag="720">
    <subfield code="a">Cicerelli, Chiara.</subfield>
    <subfield code="4">sng</subfield>
  </datafield>
  <datafield ind1="1" ind2=" " tag="720">
    <subfield code="a">Grossi, Nunziata.</subfield>
    <subfield code="4">sng</subfield>
  </datafield>
  <datafield ind1="1" ind2=" " tag="720">
    <subfield code="a">Paolowscky, Giorgio.</subfield>
    <subfield code="4">cnd</subfield>
    <subfield code="4">itr</subfield>
  </datafield>
  <datafield ind1="1" ind2=" " tag="720">
    <subfield code="a">Torelli, Luigi.</subfield>
    <subfield code="4">itr</subfield>
  </datafield>
  <datafield ind1="1" ind2=" " tag="720">
    <subfield code="a">Mosell, Giorgio.</subfield>
    <subfield code="4">itr</subfield>
  </datafield>
  <datafield ind1="1" ind2=" " tag="720">
    <subfield code="a">Magnelli, Giuseppe.</subfield>
    <subfield code="4">itr</subfield>
  </datafield>
  <datafield ind1="1" ind2=" " tag="720">
    <subfield code="a">Tassinari, Andrea.</subfield>
    <subfield code="4">itr</subfield>
  </datafield>
  <datafield ind1="1" ind2=" " tag="720">
    <subfield code="a">Fabbrini, Agostino.</subfield>
    <subfield code="4">itr</subfield>
  </datafield>
  <datafield ind1="1" ind2=" " tag="720">
    <subfield code="a">Puliti, Settimio.</subfield>
    <subfield code="4">itr</subfield>
  </datafield>
  <datafield ind1="1" ind2=" " tag="720">
    <subfield code="a">Scaletti, Francesco.</subfield>
    <subfield code="4">art</subfield>
  </datafield>
  <datafield ind1="1" ind2=" " tag="720">
    <subfield code="a">Miller, Giuseppe.</subfield>
    <subfield code="4">art</subfield>
  </datafield>
  <datafield ind1="1" ind2=" " tag="720">
    <subfield code="a">Donnini, Gaetano.</subfield>
    <subfield code="4">art</subfield>
  </datafield>
  <datafield ind1="1" ind2=" " tag="720">
    <subfield code="a">Manetti, Giovanni.</subfield>
    <subfield code="4">prd</subfield>
  </datafield>
  <datafield ind1="1" ind2=" " tag="720">
    <subfield code="a">Gherardi, Gio.</subfield>
    <subfield code="4">cst</subfield>
  </datafield>
  <datafield ind1="4" ind2="1" tag="856">
    <subfield code="u">http://hdl.loc.gov/loc.music/musschatz.18076</subfield>
  </datafield>
  <datafield ind1=" " ind2=" " tag="985">
    <subfield code="e">USRISMlibretto</subfield>
  </datafield>
  <datafield ind1=" " ind2=" " tag="985">
    <subfield code="e">musschatz_scanning_2016</subfield>
  </datafield>
</record>
